000 00404nam a2200145Ia 4500
003 GCL
008 140319s9999 xx 000 0 ara d
040 _aGCL /
_cGCL
082 0 4 _aط
_b920.17
_bد ح
100 1 _aدار الشرق العربى
245 1 0 _aLIBRARY /
_cدار الشرق العربى
650 0 4 _aالتراجم الذاتية
650 0 4 _aالرجال - تراجم
942 _2ddc
_cBK
999 _c42153
_d42153